| 000 | 00535 a2200169 4500 | ||
|---|---|---|---|
| 999 |
_c6308 _d6308 |
||
| 020 | _a9781853395208 | ||
| 050 | _aTP3471.5 AXT 2002 | ||
| 100 |
_aAxtell, Barrie _eauthor |
||
| 245 |
_aDrying food for profit : _ba guide for small businesses / _cBarrie Axtell |
||
| 264 |
_aLondon : _bITDG Publishing, _c2002. |
||
| 300 |
_a120p. : _bill. |
||
| 500 | _aIncludes bibliographical references and endex | ||
| 650 |
_aFood _xDrying. |
||
| 650 |
_aFood _xPreservation. |
||
| 650 | _aFood industry and trade. | ||
| 942 |
_2lcc _cBK _h371.5 _iAXT _kTP |
||